| Tag |
First Indicator |
Second Indicator |
Subfields |
| LEADER |
00000cam a2200000 a 4500 |
| 001 |
in00000012008 |
| 005 |
20151007051738.0 |
| 008 |
870630s1987 nju b 00110 eng |
| 010 |
|
|
|a 87045519
|
| 020 |
|
|
|a 069106718X :
|c $47.50
|
| 035 |
|
|
|a (OCoLC)16224281
|
| 035 |
|
|
|9 AAA4554AM
|
| 040 |
|
|
|a DLC
|c DLC
|d TXA
|d UtOrBLW
|
| 041 |
1 |
|
|a eng
|h fre
|
| 049 |
|
|
|a TXAM
|c [A12564106]
|
| 050 |
0 |
0 |
|a PS1642.S58
|b G66 1987
|
| 082 |
0 |
|
|a 814/.3
|2 19
|
| 100 |
1 |
|
|a Gonnaud, Maurice.
|
| 240 |
1 |
0 |
|a Individu et société dans l'œuvre de R.W. Emerson.
|l English
|
| 245 |
1 |
3 |
|a An uneasy solitude :
|b individual and society in the work of Ralph Waldo Emerson /
|c by Maurice Gonnaud ; translated by Lawrence Rosenwald.
|
| 264 |
|
1 |
|a Princeton, N.J. :
|b Princeton University Press,
|c [1987]
|
| 264 |
|
4 |
|c ©1987
|
| 300 |
|
|
|a xxvii, 477 pages ;
|c 25 cm.
|
| 336 |
|
|
|a text
|b txt
|2 rdacontent
|
| 337 |
|
|
|a unmediated
|b n
|2 rdamedia
|
| 338 |
|
|
|a volume
|b nc
|2 rdacarrier
|
| 500 |
|
|
|a Translation of: L'individu et société dans l'œuvre de R.W. Emerson.
|
| 504 |
|
|
|a "Bibliography of Emerson's writings": pages 463-468.
|
| 500 |
|
|
|a Includes index.
|
| 600 |
1 |
0 |
|a Emerson, Ralph Waldo,
|d 1803-1882
|x Political and social views.
|
| 650 |
|
0 |
|a Social problems in literature.
|
| 650 |
|
0 |
|a Individualism in literature.
|
| 999 |
|
|
|a MARS
|
| 999 |
f |
f |
|s 08e1fed7-6b13-3987-bd44-b1508e6a7eb6
|i 0623d6c5-73ca-3234-b68d-d3678cfbccbd
|t 0
|
| 952 |
f |
f |
|p ric
|a Texas A&M University
|b Rellis Campus
|c Joint Library Facility
|d Remote Storage
|t 0
|e PS1642.S58 G66 1987
|h Library of Congress classification
|i unmediated -- volume
|m A14812564106
|
| 998 |
f |
f |
|a PS1642.S58 G66 1987
|t 0
|l Remote Storage
|